000 00520nam a22001577a 4500
999 _c534875
_d534875
020 _qHard Cover.
082 _a621.3678
100 _aAKHTAR, NAEEM
245 _a FLOOD HAZARD MODELLING AND RISK ASSESSMENT USING REMOTE SENSING AND GIS /
_cNAEEM AKHTAR.
260 _aIslamabad :
_bIGIS - NUST,
_c2014.
300 _axi, 52 p. : ill. ;
_c30cm.
942 _2ddc
_cTHE
650 _aMS Thesis GIS and Remote Sensing.
_929264
700 _aDr. Javed Iqbal.
_925404